Skrytý potenciál : jak dosáhnout velkých věcí /
Autor v knize vysvětluje podstatu úspěchu a to, jak rozvinout svůj potenciál.
Uloženo v:
| Série: | Žádná velká věda,
část 0 |
|---|---|
| Hlavní autor: | |
| Další autoři: | |
| Médium: | E-kniha |
| Jazyk: | Czech |
| Vydáno: |
V Brně :
Jan Melvil Publishing,
2024
|
| Vydání: | Vydání první |
| Edice: | Žádná velká věda
|
| Témata: | |
| On-line přístup: | E-book Plný text - pro registrované uživatele NK ČR |
| Příbuzné jednotky: | Z cyklu::
Žádná velká věda |
| Tagy: |
Žádné tagy |
| LEADER | 02976nam a2200601 i 4500 | ||
|---|---|---|---|
| 001 | 312397 | ||
| 003 | CZ PrSKC | ||
| 005 | 20260601215722.0 | ||
| 007 | ta | ||
| 008 | 240531s2024 xr a e f 001 0 cze | ||
| 015 | |a cnb003608617 | ||
| 020 | |a 9788075552129 |q (vázáno) | ||
| 035 | |a (OCoLC)1445420381 | ||
| 040 | |a BOA001 |b cze |e rda | ||
| 041 | 1 | |a cze |h eng | |
| 072 | 7 | |a 159.92 |x Vývojová psychologie. Individuální psychologie |2 Konspekt | |
| 080 | |a 17.024.4 |2 MRF | ||
| 080 | |a 159.923.2 |2 MRF | ||
| 080 | |a 159.923.5 |2 MRF | ||
| 080 | |a (035) |2 MRF | ||
| 100 | 1 | |a Grant, Adam M., |d 1981- |7 xx0183196 |4 aut | |
| 240 | 1 | 0 | |a Hidden potential. |l Česky |
| 245 | 1 | 0 | |a Skrytý potenciál : |b jak dosáhnout velkých věcí / |c Adam Grant ; překlad Libuše Mohelská |
| 250 | |a Vydání první | ||
| 264 | 1 | |a V Brně : |b Jan Melvil Publishing, |c 2024 | |
| 300 | |a 328 stran : |b ilustrace ; |c 21 cm | ||
| 336 | |a text |b txt |2 rdacontent | ||
| 337 | |a bez média |b n |2 rdamedia | ||
| 338 | |a svazek |b nc |2 rdacarrier | ||
| 490 | 1 | |a Žádná velká věda | |
| 500 | |a Přeloženo z angličtiny | ||
| 504 | |a Obsahuje bibliografické odkazy a rejstřík | ||
| 520 | 2 | |a Autor v knize vysvětluje podstatu úspěchu a to, jak rozvinout svůj potenciál. |b Na základě rozsáhlých výzkumů i skutečných příběhů Grant dokazuje, že náš pokrok nespočívá ani tak v tvrdé práci, jako v rozvinutí schopnosti učit se novým věcem. Vysvětluje, jak v tomto směru posilovat charakter, vytvářet si motivační struktury a také jak napomáhat rozvíjení potenciálu v týmech, organizacích či školách. Nakladatelská anotace. Kráceno. | |
| 650 | 0 | 7 | |a úspěch |7 ph128351 |2 czenas |
| 650 | 0 | 7 | |a sebepoznání |7 ph116116 |2 czenas |
| 650 | 0 | 7 | |a sebezdokonalování |7 ph116118 |2 czenas |
| 650 | 0 | 7 | |a rozvoj osobnosti |7 ph194683 |2 czenas |
| 650 | 0 | 9 | |a success |2 eczenas |
| 650 | 0 | 9 | |a self-consciousness |2 eczenas |
| 650 | 0 | 9 | |a self-actualization |2 eczenas |
| 650 | 0 | 9 | |a personality development |2 eczenas |
| 655 | 7 | |a příručky |7 fd133209 |2 czenas | |
| 655 | 9 | |a handbooks and manuals |2 eczenas | |
| 700 | 1 | |a Mohelská, Libuše, |d 1974- |7 xx0015245 |4 trl | |
| 830 | 0 | |a Žádná velká věda | |
| 856 | 4 | 2 | |u https://katalog.vse.cz/Record/000715623 |y E-book |4 N |
| 856 | 4 | 1 | |u https://www.bookport.cz/AccountSaml/SignIn/?idp=https%3A%2F%2Fshibboleth.nkp.cz%2Fidp%2Fshibboleth&returnUrl=/kniha/skryty-potencial-12614/ |y Plný text - pro registrované uživatele NK ČR |4 N |
| 900 | |a ABA001 |b 20 | ||
| 044 | |a xr | ||
| 787 | 0 | 8 | |g 0 |i Z cyklu: |t Žádná velká věda |
| 910 | |a RBIT002 | ||
| 998 | |d 405389 |a https://core.palmknihy.cz/api/books/405389/cover?sdtr1l |b https://core.palmknihy.cz/api/books/405389/cover/400?sdtr1l |c https://core.palmknihy.cz/api/books/405389/cover/50?sdtr1l |e |g 328 |i 9788075552129 |j https://core.palmknihy.cz/api/books/405389/preview.epub |l |q 49 |r 1 |s https://www.palmknihy.cz/kniha/405389 |t ebook |y 2024 |z 0 |v Žádná velká věda |w 0 | ||
| 999 | |d 312395 | ||